| 000 | 00490 a2200181 4500 | ||
|---|---|---|---|
| 003 | OSt | ||
| 005 | 20260305133743.0 | ||
| 008 | 260305b |||||||| |||| 00| 0 eng d | ||
| 020 | _a9789357322737 | ||
| 040 | _coclc | ||
| 082 |
_a894.8123 _bIND/A |
||
| 100 |
_aIndugopan, G R _98021 |
||
| 245 |
_aAANO/ _cG R Indugopan |
||
| 250 | _a5th ed. | ||
| 260 |
_aKottayam: _bD C Books, _c2025. |
||
| 300 | _a518 Pages | ||
| 942 |
_2ddc _cBK _h894.8123 _iIND/A _k894.8123 _mIND/A |
||
| 999 |
_c44615 _d44615 |
||